Paesi confinanti: bandiere - Statistics

Statistiche generali
  • Questo quiz è stato fatto 153 volte
  • Il punteggio medio è 29 su 45
Statistiche sulle risposte
Domanda Casella Select % Corretto
Francia No
96%
Francia
95%
Francia
94%
Francia
92%
Francia No
88%
Francia No
85%
Serbia No
85%
Francia
81%
Brasile
81%
Brasile
80%
Brasile No
79%
Afghanistan
77%
Serbia
77%
Serbia No
77%
Serbia
77%
Francia
74%
Serbia No
74%
Brasile No
71%
Brasile
70%
Afghanistan
68%
Serbia
68%
Brasile
65%
Serbia
64%
Serbia
64%
Brasile No
63%
Afghanistan No
62%
Afghanistan No
62%
Repubblica Democratica del Congo
61%
Repubblica Democratica del Congo No
61%
Repubblica Democratica del Congo
59%
Afghanistan No
59%
Serbia No
58%
Brasile
55%
Repubblica Democratica del Congo No
54%
Brasile
53%
Repubblica Democratica del Congo No
51%
Repubblica Democratica del Congo
49%
Repubblica Democratica del Congo
49%
Repubblica Democratica del Congo
47%
Afghanistan No
41%
Afghanistan
41%
Afghanistan
41%
Repubblica Democratica del Congo No
37%
Afghanistan
35%
Francia
23%
Nessun quiz corrispondente trovato
Distribuzione punteggi
Percentuale di utenti per punteggio
Percentile per numero di risposta
I tuoi punteggi nel tempo
Non hai fatto questo quiz